Statistics for All of the King Kong Movies

Click here to take the quiz!

General Stats

  • This quiz has been taken 27 times
  • The average score is 8 of 11

Answer Stats

HintAnswer% Correct
1977King Kong
100%
1933King Kong
100%
2005King Kong
100%
2017Kong: Skull island
100%
2021Godzilla vs Kong
94%
1933Son of Kong
94%
1962King Kong vs Godzilla
67%
1986King Kong Lives
61%
1967King Kong escapes
56%
1938King Kong appears in Edo
11%
1933Wasei Kingu Kongu
11%

Score Distribution

Percentile by Number Answered

Percent of People with Each Score

Your Score History

You have not taken this quiz